书目信息 |
| 题名: |
回家过年
|
|
| 作者: | 郑旺全 主编 ;韦林 主编 ;人民教育出版社 , 圣智学习公司 编著 | |
| 分册: | ||
| 出版信息: | 北京 人民教育出版社 2022 |
|
| 页数: | 24页 | |
| 开本: | 24cm | |
| 丛书名: | 中国读本丛书 | |
| 单 册: | ||
| 中图分类: | H319.4 , K92 | |
| 科图分类: | ||
| 主题词: | 英语--语言读物 , 中国--概况 | |
| 电子资源: | ||
| ISBN: | 978-7-107-36533-1 | |
| 000 | 01248nam 2200325 450 | |
| 001 | 012024000044 | |
| 005 | 20240924225023.0 | |
| 010 | @a978-7-107-36533-1@dCNY19.90 | |
| 100 | @a20240924d2022 cd y0chiy50 ea | |
| 101 | 1 | @aeng@achi |
| 102 | @aCN@b110000 | |
| 105 | @aa z 000yy | |
| 106 | @ar | |
| 200 | 1 | @a回家过年@Ahui jia guo nian@e英文@dHome for the Spring festival@f郑旺全 ,Robert Waring主编@g人民教育出版社,(美国)圣智学习公司编著@zeng |
| 210 | @a北京@c人民教育出版社@d2022@h2023重印 | |
| 215 | @a24页@c图@d24cm | |
| 225 | 2 | @a中国读本丛书@h第一辑@e智慧与信仰 |
| 330 | @a憨态可掬的大熊猫,是中国和平外交理念的象征。通过介绍熊猫的历史趣闻与生活习性,展现中国生态保护工作取得的成绩,展示熊猫所代表的和平友善、开放包容的国家形象。 | |
| 410 | 0 | @12001 @a中国读本丛书 |
| 510 | 1 | @aHome for the Spring festival@zeng |
| 606 | 0 | @a英语@j语言读物 |
| 606 | 0 | @a中国@x概况 |
| 690 | @aH319.4@v5 | |
| 690 | @aK92@v5 | |
| 701 | 0 | @a郑旺全@Azheng wang quan@4主编 |
| 702 | 1 | @a韦林@Awei lin@gWaring, Robert@4主编 |
| 712 | 02 | @a人民教育出版社@Aren min jiao yu chu ban she@4编著 |
| 712 | 02 | @c(美国)@a圣智学习公司@Asheng zhi xue xi gong si@4编著 |
| 801 | 0 | @aCN@bAHXH@c20240924 |
| 905 | @b214131517@b214131526@dH319.4@e2282@f2 | |
| 回家过年:英文=Home for the Spring festival/郑旺全 ,Robert Waring主编/人民教育出版社,(美国)圣智学习公司编著.-北京:人民教育出版社,2022(2023重印) |
| 24页:图;24cm.-(中国读本丛书.第一辑:智慧与信仰) |
| ISBN 978-7-107-36533-1:CNY19.90 |
| 憨态可掬的大熊猫,是中国和平外交理念的象征。通过介绍熊猫的历史趣闻与生活习性,展现中国生态保护工作取得的成绩,展示熊猫所代表的和平友善、开放包容的国家形象。 |
| ● |
| 相关链接 |
|
|
|
|
正题名:回家过年
索取号:H319.4/2282
 
预约/预借
| 序号 | 登录号 | 条形码 | 馆藏地/架位号 | 状态 | 备注 |
| 1 | 1413151 | 214131517 | 第二样本阅览室/ [索取号:H319.4/2282] | 在馆 | |
| 2 | 1413152 | 214131526 | 第四借阅区/ [索取号:H319.4/2282] | 在馆 |